| 000 | 00713cam a2200229 a 4500 | ||
|---|---|---|---|
| 001 | 000008061 | ||
| 005 | 20200929154421.0 | ||
| 008 | 781115s1994 sp 000 f spa | ||
| 020 | _a8408000721 | ||
| 040 |
_aDO-SdBNP _bspa _cBNPHU |
||
| 082 |
_a863.64 _bL931e, 1994 |
||
| 100 | 1 |
_aLuca de Tena, Torcuato. _921966 |
|
| 245 | 1 | 0 |
_aEdad prohibida / _cTorcuato Luca de Tena ; prólogo, Juan J. López Ibor. |
| 250 | _a3a ed. | ||
| 260 |
_aBarcelona : _bPlaneta, _c1994. |
||
| 300 |
_a248 p. ; _c19 cm. |
||
| 490 | 0 |
_aPlaneta Bolsillo _v311 |
|
| 650 | 4 |
_aNovela española _91123 |
|
| 650 | 4 |
_aLiteratura española _9632 |
|
| 700 | 1 |
_aLópez Ibor, Juan J., _epról. _921967 |
|
| 830 | 0 |
_aPlaneta Bolsillo ; _v311 _921968 |
|
| 999 |
_c7838 _d7838 |
||